| 000 | 00579nam a2200145Ia 4500 | ||
|---|---|---|---|
| 008 | 231217s9999 xx 000 0 und d | ||
| 041 | _aEnglish | ||
| 082 | _a001.64404 KOS1 R | ||
| 100 | _aKosko, Bart | ||
| 245 | 0 | _aNeural networks and fuzzy systems : solutions manual, a dynamical systems approach to machine intelligence with solutions for neural networks for signal processing | |
| 260 | _c2005 | ||
| 300 | _a175 | ||
| 650 | _aNeural,networks,fuzzy,systems,:,solutions,manual,,dynamical,systems,machine,intelligence,solutions,neural,networks,processing | ||
| 942 | _cAA | ||
| 999 |
_c176800 _d176800 |
||